| 000 | 01194nam a22003257a 4500 | ||
|---|---|---|---|
| 001 | 729 | ||
| 005 | 20250327111529.0 | ||
| 020 | _a059044686X (lib. bdg.) | ||
| 040 |
_aDLC _cDLC _dDLC _beng |
||
| 050 | 0 | 0 |
_aQC944.2 _b.C65 1995 |
| 082 | 0 | 0 |
_a551.55/2 _220 |
| 100 | 1 | _aCole, Joanna. | |
| 245 | 1 | 4 |
_aThe magic school bus inside a hurricane / _cby Joanna Cole ; illustrated by Bruce Degen. |
| 260 |
_aNew York : _bScholastic , _c1995. |
||
| 300 |
_a48 pages : _bcolor illustrations ; _c22 x 26 cm. |
||
| 490 | _aThe magic school bus | ||
| 505 | _aR | ||
| 520 | _aThe magic school bus changes into a hot-air balloon and then an airplane as Ms. Frizzle takes her class on a field trip into the eye of a hurricane for a lesson in meteorology. | ||
| 521 |
_a710
_bLexile |
||
| 521 |
_aQ
_bRaz-Plus |
||
| 650 | 0 |
_aHurricanes _xMiscellanea _xJuvenile literature. |
|
| 650 | 0 |
_aWeather _xMiscellanea _xJuvenile literature. |
|
| 650 | 0 |
_aMeteorology _xMiscellanea _xJuvenile literature. |
|
| 650 | 1 | _aHurricanes. | |
| 650 | 1 | _aWeather. | |
| 650 | 1 | _aMeteorology. | |
| 700 | 1 |
_aDegen, Bruce, _eillustrator. |
|
| 906 |
_a7 _bcbc _corignew _d1 _eocip _f19 _gy-gencatlg |
||
| 942 |
_2ddc _cBK _n0 |
||
| 999 |
_c729 _d729 |
||